000 00223nam a22000977a 4500
999 _c522484
_d522484
082 _aTNC
100 _aKrishnamurthy, S.
_937661
245 _aMan Know Thyself
260 _aBangalore
_bS. Krishnamurthy
_c2002
300 _a158p.